Do the V4 Countries Follow the European Deficit? Evidence of Tobacco Taxes

Priemerná miera zdanenia tabakových výrobkov v Európskej únii je vzhľadom k spoločenským nákladom fajčenia nedostatočná. Platí to však tiež pre krajiny V4.

Gespeichert in:
Bibliographische Detailangaben
1. Verfasser: David, Petr
Format: Buchkapitel
Sprache:Englisch
Schlagworte:
Tags: Tag hinzufügen
Keine Tags, Fügen Sie das erste Tag hinzu!

MARC

LEADER 00000naa a2200000 4500
001 0241577
005 20221104111311.7
041 0 |a eng 
044 |a SK 
245 1 0 |a Do the V4 Countries Follow the European Deficit? Evidence of Tobacco Taxes  |c Petr David 
520 |a Priemerná miera zdanenia tabakových výrobkov v Európskej únii je vzhľadom k spoločenským nákladom fajčenia nedostatočná. Platí to však tiež pre krajiny V4. 
610 2 0 |a analýza komparatívna 
610 2 0 |a Vyšehradská štvorka 
610 2 0 |a Európska únia 
610 2 0 |a výrobky tabakové 
610 2 0 |a dane 
610 2 0 |a deficit 
610 2 0 |a náklady spoločensky nevyhnutné 
100 1 |a David, Petr